| 000 | 00880nam a2200265 i 4500 | ||
|---|---|---|---|
| 001 | 000031405 | ||
| 003 | DO-SdBNP | ||
| 005 | 20240717101228.0 | ||
| 007 | ta | ||
| 008 | 240717s1967 dr a 000 | spa d | ||
| 040 |
_aDO-SdBNP _bspa _cBNPHU _erda |
||
| 049 | _aBNPD | ||
| 082 | 4 |
_bR426 _222 |
|
| 110 |
_aRepública Dominicana. _bSecretaria de Educación y Propaganda del Partido Comunista Dominicano _986101 |
||
| 245 |
_aBreve curso de capacitación marxista leninista : _bel regimen económico y social dominicano |
||
| 264 |
_aSanto Domingo : _bPartido Comunista Dominicano, _c1967. |
||
| 300 |
_a3 volumen ; _c25 cm. |
||
| 336 |
_2rdacontent _atexto _btxt |
||
| 337 |
_2rdamedia _asin mediación _bnc |
||
| 338 |
_2rdacarrier _avolumen _bnc |
||
| 500 | _aLa biblioteca posee los volumenes 2,3 y 4 | ||
| 590 | _aInventariado, 2024/DG | ||
| 910 | _aDG | ||
| 942 |
_2ddc _cLF2 |
||
| 999 |
_c57301 _d57301 |
||